| 000 | 00673nam a2200253Ia 4500 | ||
|---|---|---|---|
| 003 | OSt | ||
| 005 | 20221006142105.0 | ||
| 006 | a|||||r|||| 00| 0 | ||
| 007 | ta | ||
| 008 | 221006b |||||||| |||| 00| 0 eng d | ||
| 020 | _c500.00 | ||
| 024 | _a5,239 | ||
| 037 | _cTextual | ||
| 040 |
_aEASL _cEASL _beng |
||
| 041 |
_2eng _aeng |
||
| 082 | _aV41.A, M71 | ||
| 100 |
_aHORNE C G _9646870 |
||
| 245 | 0 | _aSacred books and early literatures of the East, Vol.11-13 | |
| 260 |
_aDelhi _bMittal Pub. India _c1987 |
||
| 300 |
_a416p. _ccm. |
||
| 490 | _vV.12: Medieval China | ||
| 942 |
_hV41.A, M71 _cTEXL _2CC |
||
| 999 |
_c1073325 _d1073325 |
||